Manual agropecuario : (Record no. 104540)
[ view plain ]
| 000 -CABECERA | |
|---|---|
| campo de control de longitud fija | 01371nam a2200349 a 4500 |
| 001 - NÚMERO DE CONTROL | |
| campo de control | 000108078 |
| 003 - IDENTIFICADOR DEL NÚMERO DE CONTROL | |
| campo de control | CHAP |
| 005 - FECHA Y HORA DE LA ÚLTIMA TRANSACCIÓN | |
| campo de control | 20240513132603.0 |
| 008 - DATOS DE LONGITUD FIJA--INFORMACIÓN GENERAL | |
| campo de control de longitud fija | 131203s2002 ck a |r| |||1|||spa d |
| 010 ## - NÚMERO DE CONTROL DE LA BIBLIOTECA DEL CONGRESO | |
| Número de control de LC | 104540 |
| 011 ## - ENLACE DEL NUMERO DE CONTROL DE LA BIBLIOTECA DEL CONGRESO [OBSOLETO] | |
| Número de control de LC | 105512 |
| 020 ## - NÚMERO INTERNACIONAL ESTÁNDAR DEL LIBRO | |
| Número Internacional Estándar del Libro | 978-958-9321-33-1 (obra completa) |
| 020 ## - NÚMERO INTERNACIONAL ESTÁNDAR DEL LIBRO | |
| Número Internacional Estándar del Libro | 978-958-9321-35-5 (v.2) |
| 020 ## - NÚMERO INTERNACIONAL ESTÁNDAR DEL LIBRO | |
| Número Internacional Estándar del Libro | 9789589321348 (v.1) |
| 040 ## - FUENTE DE LA CATALOGACIÓN | |
| Centro/agencia transcriptor | CHAP |
| 082 04 - NÚMERO DE LA CLASIFICACIÓN DECIMAL DEWEY | |
| Número de clasificación | 630 |
| Número de documento/Ítem | M29 |
| 245 00 - MENCIÓN DE TÍTULO | |
| Título | Manual agropecuario : |
| Resto del título | tecnologías orgánicas de la granja integral autosuficiente / |
| Mención de responsabilidad, etc. | editado por Jaime Alonso Quiceno Guzmán. |
| 300 ## - DESCRIPCIÓN FÍSICA | |
| Extensión | 2 v. : |
| Otras características físicas | il., diags., tablas. |
| Material acompañante/anejo | + 1 DVD. |
| 490 1# - MENCIÓN DE SERIE | |
| Mención de serie | Biblioteca del campo |
| 500 ## - NOTA GENERAL | |
| Nota general | El DVD del Volumen 1 contiene : Manual Agro ; Pastos - clima cálido y medio. ; Cultivo de tomate. ; Fundamentos de agricultura. ; Construyendo la granja. El DVD del Volumen 2 : Conejos -manejo. ; Cerdos - gestación y parto. ; Bovinos de leche -nutrición. ; Gallinas ponedoras - manejo. |
| 650 14 - PUNTO DE ACCESO ADICIONAL DE MATERIA--TÉRMINO DE MATERIA | |
| Término de materia o nombre geográfico como elemento de entrada | Agricultura |
| 9 (RLIN) | 1172 |
| 650 14 - PUNTO DE ACCESO ADICIONAL DE MATERIA--TÉRMINO DE MATERIA | |
| Término de materia o nombre geográfico como elemento de entrada | Construcciones rurales. |
| 9 (RLIN) | 27378 |
| 650 14 - PUNTO DE ACCESO ADICIONAL DE MATERIA--TÉRMINO DE MATERIA | |
| Término de materia o nombre geográfico como elemento de entrada | Ganadería. |
| 9 (RLIN) | 44604 |
| 700 1# - PUNTO DE ACCESO ADICIONAL--NOMBRE DE PERSONA | |
| Nombre de persona | Quiceno Guzmán, Jaime Alonso |
| Término indicativo de función/relación | ed. |
| 9 (RLIN) | 124883 |
| 830 #0 - PUNTO DE ACCESO ADICIONAL DE SERIE-TÍTULO UNIFORME | |
| Título uniforme | Biblioteca del campo |
| 9 (RLIN) | 124884 |
| 942 ## - ELEMENTOS DE PUNTO DE ACCESO ADICIONAL (KOHA) | |
| Tipo de ítem Koha | Libro |
| Fuente del sistema de clasificación o colocación | Dewey Decimal Classification |
| 942 ## - ELEMENTOS DE PUNTO DE ACCESO ADICIONAL (KOHA) | |
| Suprimir en OPAC | 0 |
| Fuente del sistema de clasificación o colocación | Dewey Decimal Classification |
| 260 ## - PUBLICACIÓN, DISTRIBUCIÓN, ETC. | |
| Lugar de publicación, distribución, etc. | Bogotá : |
| Nombre del editor, distribuidor, etc. | Hogares Juveniles Campesinos, |
| Fecha de publicación, distribución, etc. | c2002. |
| 590 ## - NOTA LOCAL (RLIN) | |
| Nota local | E11695DGD |
| Procedencia (VM) [OBSOLETO] | 10 |
| Condición del los carretes individuales (VM) [OBSOLETO] | 20131203 |
| 590 ## - NOTA LOCAL (RLIN) | |
| Nota local | E6096MTM |
| Procedencia (VM) [OBSOLETO] | 05 |
| Condición del los carretes individuales (VM) [OBSOLETO] | 20131203 |
| 901 ## - ELEMENTOS DE DATOS A LOCAL LDA (RLIN) | |
| a | BK |
| Estado de retiro | Estado de pérdida | Fuente del sistema de clasificación o colocación | Estado dañado | Restricciones de uso | No para préstamo | Código de colección | Localización permanente | Ubicación/localización actual | Ubicación en estantería | Fecha de adquisición | Información codificada de la localización en otra ubicación | Total de préstamos | Signatura topográfica completa | Código de barras | Fecha visto por última vez | Número de copia | Precio válido a partir de | Tipo de ítem Koha | Nota pública |
|---|---|---|---|---|---|---|---|---|---|---|---|---|---|---|---|---|---|---|---|
| Dewey Decimal Classification | Préstamo 15 días | General | Biblioteca Central | Biblioteca Central | Planta principal - Colección General | 04/12/2013 | LIBRO | 630 M29 v.1 | 33724002391371 | 31/12/2019 | c.2 | 31/12/2019 | Libro | ||||||
| Dewey Decimal Classification | Préstamo 15 días | General | Biblioteca Central | Biblioteca Central | Planta principal - Colección General | 03/12/2013 | LIBRO | 630 M29 v.1 | 33724002391603 | 31/12/2019 | 31/12/2019 | Libro | |||||||
| Dewey Decimal Classification | Préstamo 15 días | General | Biblioteca Central | Biblioteca Central | Planta principal - Colección General | 04/12/2013 | LIBRO | 630 M29 v.2 | 33724002391413 | 31/12/2019 | c.2 | 31/12/2019 | Libro | ||||||
| Dewey Decimal Classification | Préstamo 15 días | General | Biblioteca Central | Biblioteca Central | Planta principal - Colección General | 03/12/2013 | LIBRO | 630 M29 v.2 | 33724002391561 | 31/12/2019 | 31/12/2019 | Libro | |||||||
| Dewey Decimal Classification | Préstamo interno | Material multimedia | Biblioteca Central | Biblioteca Central | Planta Principal - Área de préstamo - Mat. Multimedia | 03/12/2013 | 630 M29 v.1 | 33724002589743 | 13/05/2024 | 31/12/2019 | DVD | Material complementario | |||||||
| Dewey Decimal Classification | Préstamo interno | Material multimedia | Biblioteca Central | Biblioteca Central | Planta Principal - Área de préstamo - Mat. Multimedia | 03/12/2013 | 630 M29 v.1 | 33724002589755 | 13/05/2024 | c.2 | 31/12/2019 | DVD | Material complementario | ||||||
| Dewey Decimal Classification | Préstamo interno | Material multimedia | Biblioteca Central | Biblioteca Central | Planta Principal - Área de préstamo - Mat. Multimedia | 03/12/2013 | 630 M29 v.2 | 33724002589779 | 13/05/2024 | 31/12/2019 | DVD | Material complementario | |||||||
| Dewey Decimal Classification | Préstamo interno | Material multimedia | Biblioteca Central | Biblioteca Central | Planta Principal - Área de préstamo - Mat. Multimedia | 03/12/2013 | 630 M29 v.2 | 33724002589767 | 13/05/2024 | c.2 | 31/12/2019 | DVD | Material complementario |
